Papeles para la Paz/
Kaydedildi:
| Müşterek Yazar: | |
|---|---|
| Materyal Türü: | Kitap |
| Dil: | Spanish |
| Baskı/Yayın Bilgisi: |
Madrid, España:
Centro de Investigación para la Paz (CIP)
|
| Etiketler: |
Etiketle
Etiket eklenmemiş, İlk siz ekleyin!
|
MARC
| LEADER | 00000nam a22000007a 4500 | ||
|---|---|---|---|
| 003 | cru CRAI/IIS | ||
| 005 | 20220531114040.0 | ||
| 007 | ta | ||
| 008 | 210914b1985 sp ||||| |||| 00| 0 spa d | ||
| 040 | |b spa |c RAI/IIS | ||
| 090 | |a REV0744 | ||
| 110 | 1 | |9 10082 |a Centro de Investigación para la Paz | |
| 245 | |a Papeles para la Paz/ |c Centro de Investigación para la Paz | ||
| 246 | |a Papeles Cuestiones Internacionales de Paz, Ecología y Desarrollo | ||
| 260 | |a Madrid, España: |b Centro de Investigación para la Paz (CIP) | ||
| 300 | |f Números con periodicidad variable | ||
| 942 | |2 z |c PP | ||
| 999 | |c 43861 |d 43861 | ||
